| 000 | 00401nam a2200121Ia 4500 | ||
|---|---|---|---|
| 008 | 220901s9999||||xx |||||||||||||| ||und|| | ||
| 082 | _a005.13 CAT | ||
| 100 |
_aCatalyurek, Umit, V _913470 |
||
| 245 | 0 | _aACM ADA: analysis and design of algorithms | |
| 250 | _aVol. 30 Issue No. 1,2 & 3 | ||
| 260 |
_bACM(Association Computing Machinery) _c2010 |
||
| 650 |
_aAlgorithms of design analysis letters _913471 |
||
| 999 |
_c193442 _d193442 |
||